Aspectos clave para un desarrollo ambientalmente sustentable en Chile
Gardado en:
| Autor Corporativo: | |
|---|---|
| Formato: | Libro |
| Idioma: | Lingua castelá |
| Publicado: |
Santiago
Instituto de Ingenieros de Chile
2009
|
| Subjects: | |
| Tags: |
Engadir etiqueta
Sen Etiquetas, Sexa o primeiro en etiquetar este rexistro!
|
MARC
| LEADER | 00000nam a2200000 a 4500 | ||
|---|---|---|---|
| 001 | UCH9554 | ||
| 003 | CL-VaPUC | ||
| 008 | 100114e20090000CL |||||||||||||||||spa|d | ||
| 082 | 0 | 4 | |a 333.7 |b INS |2 21 |
| 110 | 2 | |a Instituto de Ingenieros Chile |e author |9 546710 | |
| 245 | 1 | 0 | |a Aspectos clave para un desarrollo ambientalmente sustentable en Chile |
| 300 | |a 48 p | ||
| 942 | |c BK | ||
| 945 | |d 20100114 00:00:00 |a rbrito | ||
| 260 | |a Santiago |b Instituto de Ingenieros de Chile |c 2009 | ||
| 650 | 0 | |a Medio ambiente |9 257625 | |
| 650 | 0 | |a Desarrollo sustentable |9 333905 | |
| 650 | 0 | |a Recursos naturales |9 255232 | |
| 650 | 0 | |a Biodiversidad |9 385995 | |
| 583 | |a last modification |c 20100114 00:00:00 |k Rodrigo Vera | ||
| 999 | |c 339480 |d 339478 | ||
| 952 | |0 0 |1 0 |4 0 |6 333_700000000000000_INS_2009 |7 0 |8 A |9 433148 |a BIBING |b BIBING |d 2019-11-22 |i 4634799 |o 333.7 INS 2009 |p 4634799 |r 2025-01-20 |w 2019-11-22 |y BK |k ING | ||